000 00334 a2200109 4500
001 ART_13898
005 20260410161911.0
008 260409a
245 1 0 _aOligopoly, distribution and the rate of profit
100 1 _aCowling, Keith
773 0 _tEuropean economic review
_g- Vol. 15, NÂș 2 (feb. 1981)
_wREV13346
999 _c26865
_d26865